00373 a2200109 4500001001000000005001700010008004100027245009800068100001900166700002300185773005500208ART_2282120260410161701.0260409a 10aAnálisis de la integración de la regulación y supervisión financiera al banco central1 aFerro, Gustavo1 aDemaestri, Edgardo0 tEnsayos Económicosg- Nº 68 (jun. 2013)wREV620